000 00260nam a2200109Ia 4500
008 231011s9999 xx 000 0 und d
041 _aeng
100 _aB. Gnederko.
245 _aThe Theory Of Probablity.
260 _bMIR Publishar Moscow. -
365 _b13
999 _c883335
_d883335